Đảo Trường Sa lớn : thủ phủ tiền tiêu của Việt Nam trên biển đông

Những tài liệu, cứ liệu lịch sử quan trọng mang tính pháp lý về chủ quyền không thể phủ nhận của Việt Nam trên hai đảo Hoàng Sa, Trường Sa. Những luật pháp, công ước quốc tế giúp Việt Nam có cơ sở quan trọng để đấu tranh chủ quyền biển đảo. Các bài viết phản ánh cuộc sống, công việc của bộ đội và cư...

Volledige beschrijving

Bewaard in:
Bibliografische gegevens
Andere auteurs: Hạnh Nguyên (tuyển chọn), Lam Hồng (tuyển chọn), Kiên Trung, Đỗ Hùng, Phạm Mỹ, Lại H, Hồng Chuyên, Thuỵ An (tuyển chọn)
Formaat: Boek
Taal:Vietnamese
Gepubliceerd in: H. Văn học 2014
Reeks:Chủ quyền biển đảo là thiêng liêng và bất khả xâm phạm
Onderwerpen:
Tags: Voeg label toe
Geen labels, Wees de eerste die dit record labelt!
Thư viện lưu trữ: Mạng thư viện Đại học Đà Nẵng
LEADER 02151aam a22005058a 4500
001 000022945
003 19394
005 20150520140549.0
008 150520s2014 viesd
020 |c 64000đ  |d 700b 
041 0 |a vie 
082 0 4 |2 23  |a 320.1509597  |b Đao 
245 0 0 |a Đảo Trường Sa lớn : thủ phủ tiền tiêu của Việt Nam trên biển đông  |c Hồng Chuyên, Lại Hà, Phạm Mỹ... ; Tuyển chọn: Lam Hồng... 
260 |a H.  |b Văn học  |c 2014 
300 |a 255 tr.  |c 21 cm. 
490 0 |a Chủ quyền biển đảo là thiêng liêng và bất khả xâm phạm 
504 |a Thư mục: tr. 255 
520 |a Những tài liệu, cứ liệu lịch sử quan trọng mang tính pháp lý về chủ quyền không thể phủ nhận của Việt Nam trên hai đảo Hoàng Sa, Trường Sa. Những luật pháp, công ước quốc tế giúp Việt Nam có cơ sở quan trọng để đấu tranh chủ quyền biển đảo. Các bài viết phản ánh cuộc sống, công việc của bộ đội và cư dân Trường Sa... 
650 7 |2 Bộ TK TVQG 
650 0 4 |2 Bộ TK TVQG  |a Đảo Trường Sa  |x Chủ quyền  |z Việt Nam 
650 7 |2 Bộ TK TVQG 
651 7 |2 Bộ TK TVQG  |a Việt Nam 
653 |a Đảo Trường Sa Lớn 
653 |a Việt Nam 
653 |a Chính trị 
653 |a Biển Đông 
653 |a Chủ quyền 
700 0 |a Hạnh Nguyên  |e tuyển chọn 
700 0 |a Lam Hồng  |e tuyển chọn 
700 0 |a Kiên Trung 
700 1 |a Đỗ Hùng 
700 1 |a Phạm Mỹ 
700 1 |a Lại Hà 
700 1 |a Hồng Chuyên 
700 0 |a Thuỵ An  |e tuyển chọn 
OWN |a LSP 
AVA |a UDN50  |b LSP  |d 320.1509597 Đao  |e available  |t Error 5001 Not defined in file expand_doc_bib_avail.  |f 5  |g 0  |h N  |i 0  |k 1 
999 |a From the UDN01 
AVA |a UDN50  |b LSP  |d 320.1509597 Đao  |e available  |t Error 5001 Not defined in file expand_doc_bib_avail.  |f 5  |g 0  |h N  |i 0  |k 1 
TYP |a Monograph 
TYP |a Printed language 
980 |a Mạng thư viện Đại học Đà Nẵng